000 00224nam a2200097Ia 4500
008 120527s9999 xx 000 0 und d
100 _aBARWELL,Lan
245 _aThe harnessing of draught animals
260 _bIT
942 _cBK
999 _c25193
_d25193